000 00443nam a2200181Ia 4500
001 20802
005 20260306172832.0
008 260306t2014||||xx |||||||||||||| ||spa||
041 _aESP
082 _a343.8
_bC33
100 _aCastro Gálvez, Luis
_eAUT
245 0 _aManual práctico de fiscalización tributaria
260 _c2014
300 _a515 páginas :
_c24 cm.
650 _aGEN
654 _aCDE
942 _cLIB
_dJUS
_fJUS
_2ddc
_n
999 _c20802
_d20802